| 000 | 00461cam a2200193ua 4500 | ||
|---|---|---|---|
| 001 | 10086 | ||
| 005 | 20260515114550.0 | ||
| 008 | 170329n ii |||gr||||Z||||||asm | ||
| 040 | _cMAIN | ||
| 041 | _aasm | ||
| 082 | _a327 | ||
| 100 |
_aGogoi, Purandar, _eAuthor. |
||
| 245 |
_aAntarastriya samparka _cBy Purandar Gogoi |
||
| 250 | _a8th ed. | ||
| 260 |
_aDibrugarh: _bBanalata, _c2012. |
||
| 300 | _a318p. | ||
| 653 | _aInternational relations | ||
| 942 | _cBK | ||
| 999 |
_c9077 _d9077 |
||